BIBLIOTHÈQUE DE LA MAISON DU MEXIQUE

Logo 1 Logo 2

Secretos de familia (notice nᵒ 1743)

détails MARC
000 -Sello discográfico
campo de control de longitud fija 01229nam a2200349 4500
005 - Identificación de versión
campo de control 20251016083106.0
010 ## - Número Estándar Internacional de Libros (ISBN)
Número (ISBN) 968-29-6419-9
035 ## - Otros números de control del sistema
Número de control del sistema 22242
099 ## - fechas locales
Tipo de ítem Koha LIBRO
100 ## - Datos de procesamiento general
Datos de procesamiento general 19970603d1994 m y1spay5003 ba
105 ## - Campo de datos codificados: Material textual, monográfico
Datos codificados de monografía y 001zy
200 1# - Título y mención de responsabilidad
Título propio Secretos de familia
Designación general del material texto impreso
Otra información del título libaneses y élites empresariales en Yucatán
Primer mención de responsabilidad Luis Alfonso Ramírez
205 ## - Declaración de edición
Declaración de edición 1a ed
210 ## - Publicación, distribución, etc.
Lugar de publicación, distribución, etc. México
Nombre del editor, distribuidor, etc. Consejo Nacional para la Cultura y las Artes
Fecha de publicación, distribución, etc. 1994
215 ## - Descripción física
Designación de material específico y extensión del ítem 487 p
Dimensiones 21 cm
345 ## - Nota de información de adquisición
Fuente de adquisición/dirección de la suscripción [OBSOLETO] Donación del CNCA
410 #1 - Series
Título Regiones
606 ## - Término temático usado como materia
Elemento de entrada Clase media
Subdivisión geográfica Yucatán (México)
Subdivisión temática Historia
Número Koha 4304
606 ## - Término temático usado como materia
Elemento de entrada Elite (Ciencias sociales)
Subdivisión geográfica Yucatán (México)
Subdivisión temática Historia
Número Koha 4305
606 ## - Término temático usado como materia
Elemento de entrada Empresarios
Subdivisión geográfica Yucatán (México)
Subdivisión temática Historia
Número Koha 4306
606 ## - Término temático usado como materia
Elemento de entrada Familia
Subdivisión geográfica Yucatán (México)
Subdivisión temática Historia
Número Koha 4307
606 ## - Término temático usado como materia
Elemento de entrada Libaneses
Subdivisión geográfica Yucatán (México)
Subdivisión temática Historia
Número Koha 4308
660 ## - Código de área geográfica
Código MX
700 ## - Nombre personal - Responsabilidad primaria
Elemento de entrada Ramírez Carrillo
Parte del nombre distinta del elemento de entrada Luis Alfonso
Fechas 1956-
Número Koha 4309
801 #0 - Fuente de origen
Agencia cm
900 ## -
-- 1/14162
900 ## -
-- 710973646\\030697
942 ## - ELEMENTOS DE ENTRADA SECUNDARIOS (KOHA)
Tipo de ítem Koha Livre
996 ## -
-- MEX
-- 751145101
-- MMAG
-- 005223
-- 917.2 R336 V.24
-- 20210721LIV
Exemplaires
Estatus retirado Estado de daño Estado de pérdida Fecha de adquisición Biblioteca de origen Biblioteca actual Ubicación en estantería Código de barras Precio de reemplazo Signatura topográfica completa No para préstamo Tipo de ítem Koha Nota pública Nota no pública
      05/08/2025 Casa México Paris Casa México Paris   005223 05/08/2025 917.2 R336 V.24   Livre 20210721LIV 751145101